| 000 | 00502nam a2200169Ia 4500 | ||
|---|---|---|---|
| 008 | 180921t2017 xxu||||| |||| 00| 0 sin d | ||
| 041 | _asin | ||
| 080 |
_a294.3 _bGHA |
||
| 100 | _aGhanananda himi, Kiribathgoda | ||
| 245 | _aසැබෑ බසින් මෙම සෙත සැලසේවා | ||
| 246 | _aSabe Basin Mema Setha Salaseva | ||
| 260 |
_bMahamega Prakashakayo _aPolgahawela _c2017 |
||
| 300 | _b154p, 21cm | ||
| 942 | _cBK | ||
| 999 |
_c1860 _d1860 |
||
| 003 | LK-CoDNM | ||
| 040 |
_aLK-CoDNM _dLK-CoDNM _eLK-CoDNM |
||